Statistics for A-Z Cities by Pictures #2

Click here to take the quiz!

General Stats

  • This quiz has been taken 881 times
  • The average score is 13 of 26

Answer Stats

Answer% Correct
Rome
91%
Nagasaki
87%
Venice
86%
Agra
82%
Chicago
82%
Boston
75%
St. Petersburg
75%
Pyongyang
74%
Kuala Lumpur
72%
Wuhan
72%
Hong Kong
61%
Taipei
58%
Zagreb
58%
Mecca
50%
Doha
44%
Fez
41%
Glasgow
41%
Edmonton
36%
Oklahoma City
33%
Johannesburg
28%
Isfahan
24%
Yerevan
24%
Urumqi
20%
Lima
18%
Quincy
5%
Xuzhou
5%

Score Distribution

Percentile by Number Answered

Percent of People with Each Score

Your Score History

You have not taken this quiz